U.S. Presidents that Lost Re-Election - Statistics

General Stats
  • This quiz has been taken 587 times
    524 since last reset
  • The average score is 10 of 13
Answer Stats
Year Loser Winner % Correct
1800 John Adams Thomas Jefferson
96%
2020 Donald Trump Joe Biden
91%
1980 Jimmy Carter Ronald Reagan
90%
1992 George H.W. Bush Bill Clinton
89%
1976 Gerald Ford Jimmy Carter
88%
1932 Herbert Hoover Franklin D. Roosevelt
85%
1828 John Quincy Adams Andrew Jackson
80%
1912 Theodore Roosevelt | William Taft Woodrow Wilson
80%
1892 Benjamin Harrison Grover Cleveland
71%
1840 Martin Van Buren William Henry Harrison
71%
1888 Grover Cleveland Benjamin Harrison
70%
1856 Millard Fillmore James Buchanan
55%
1848 Martin Van Buren Zachary Taylor
38%
No matching quizzes found
Score Distribution
Percent of People with Each Score
Percentile by Number Answered
Your Score History
You have not taken this quiz since the last reset